Guías visuales: tecnología

Saved in:
Bibliografiske detaljer
Hovedforfatter: Bridgman, Roger (Author)
Format: Bog
Sprog:spansk
Udgivet: Santiago Cosar 2005
Udgivelse:1a. ed
Serier:Colección Gran Saber Ilustrado
Fag:
Tags: Tilføj Tag
Ingen Tags, Vær først til at tagge denne postø!

MARC

LEADER 00000nam a2200000 a 4500
001 UCJ2015
003 CL-VaPUC
008 061124e20050000CL |||||||||||||||||spa|d
082 0 4 |a 372.35  |b BRI  |2 21 
100 0 |a Bridgman, Roger  |e author  |9 502884 
245 1 0 |a Guías visuales: tecnología 
250 |a 1a. ed 
300 |a 64 p 
942 |c BK 
945 |d 20061124 00:00:00  |a cmena 
260 |a Santiago  |b Cosar  |c 2005 
650 0 |a Educación científica   |9 307484 
650 0 |a Educación tecnológica  |9 307597 
650 7 |a MATERIAL Y EQUIPO DIDACTICOS  |2 CL-VaPUC  |9 309109 
650 0 |a Educación básica   |9 224933 
583 |a last modification  |c 20061124 00:00:00  |k Rodrigo Vera 
490 0 |a Colección Gran Saber Ilustrado 
999 |c 318432  |d 318430 
952 |0 0  |1 0  |4 0  |6 372_350000000000000_BRI_2005  |7 0  |8 A  |9 396215  |a BIBEDU  |b BIBEDU  |d 2019-11-22  |i 4230248  |o 372.35 BRI 2005  |p 4230248  |r 2019-11-22  |w 2019-11-22  |y BK  |k EBA 
952 |0 0  |1 0  |4 0  |6 372_350000000000000_BRI_2005  |7 0  |8 A  |9 396216  |a BIBEDU  |b BIBEDU  |d 2019-11-22  |i 429906K  |o 372.35 BRI 2005  |p 429906K  |r 2019-11-22  |w 2019-11-22  |y BK  |k EBA 
952 |0 0  |1 0  |4 0  |6 372_350000000000000_BRI_2005  |7 0  |8 A  |9 396217  |a BIBEDU  |b BIBEDU  |d 2019-11-22  |i 430280K  |o 372.35 BRI 2005  |p 430280K  |r 2019-11-22  |w 2019-11-22  |y BK  |k EBA